[Event "Lilla Elite Hotels Open 2015"]
[Site "Elite Stadshotellet, Vaxjo"]
[Date "2015.02.14"]
[Round "5.2"]
[White "Bjorkman, Filip"]
[Black "Sandgren, Per-Olov"]
[Result "1-0"]
[WhiteElo "1225"]
[BlackElo "1555"]

1.e4 e6 2.d4 d5 3.Nc3 dxe4 4.Nxe4 Nd7 5.Nf3 Ngf6 6.Ng3 h6 7.Bc4 Nb6 8.Bb3 
c5 9.c3 Bd7 10.O-O c4 11.Bc2 Bd6 12.Qe2 Bxg3 13.fxg3 O-O 14.Ne5 Rc8 15.Qf3
Nbd5 16.g4 Bc6 17.g5 hxg5 18.Bxg5 Qc7 19.Qh3 Be8 20.Bxf6 Nxf6 21.Rxf6 g6 
22.Qg4 Kh7 23.Nxg6 fxg6 24.Rxf8 Qg7 25.Qh4+ 1-0

[Event "Lilla Elite Hotels Open 2015"]
[Site "Elite Stadshotellet, Vaxjo"]
[Date "2015.02.14"]
[Round "5.3"]
[White "Dale, Svein"]
[Black "Akke, Mattias"]
[Result "1-0"]
[WhiteElo "1709"]
[BlackElo "1399"]

1.e4 c5 2.c3 Nc6 3.d4 e6 4.d5 Ne5 5.dxe6 fxe6 6.Qh5+ Ng6 7.e5 d6 8.Bd3 Ne7
9.Bg5 Qc7 10.Bxe7 Qxe7 11.Bxg6+ hxg6 12.Qxh8 Qg5 13.Ne2 Qxe5 14.Nd2 Bd7 
15.Nf3 Qe4 16.Qh4 Qc2 17.Nf4 Qxb2 18.O-O Qxc3 19.Nxg6 Qf6 20.Qxf6 gxf6 21.
Nxf8 Kxf8 22.Rfd1 Ke7 23.Rab1 b5 24.Nd2 d5 25.Nb3 Kd6 26.Kf1 a5 27.Ke2 a4 
28.Nd2 b4 29.Ne4+ Kc6 30.Nxf6 Bc8 31.h4 Bb7 32.g4 Rf8 33.g5 Kb5 34.Nd7 Rh8
35.g6 Rxh4 36.g7 Rg4 37.Rg1 Rxg7 38.Rxg7 c4 39.Ne5 Ba6 40.Kd2 b3 41.axb3 
axb3 42.Kc3 Kc5 43.Nd7+ Kb5 44.Nb8 Bc8 45.Rc7 1-0

[Event "Lilla Elite Hotels Open 2015"]
[Site "Elite Stadshotellet, Vaxjo"]
[Date "2015.02.14"]
[Round "5.4"]
[White "Lotinac, Seid"]
[Black "Sjodin, Filip"]
[Result "1/2-1/2"]
[WhiteElo "1471"]
[BlackElo "1615"]

1.e4 c5 2.Bc4 d6 3.d3 Nf6 4.h3 Nc6 5.Nf3 a6 6.a3 b5 7.Ba2 g6 8.Be3 Bg7 9.
Qd2 O-O 10.Bh6 Bb7 11.Nc3 Rc8 12.Bxg7 Kxg7 13.b4 cxb4 14.axb4 Nxb4 15.Bb3 
Nc6 16.O-O Qb6 17.Ne2 e6 18.Rfc1 b4 19.Qf4 e5 20.Qd2 Nd7 21.h4 Nc5 22.h5 
h6 23.Qe3 Qd8 24.Ng3 Rc7 25.hxg6 fxg6 26.Bc4 Qf6 27.Rab1 Qf4 28.Qe1 a5 29.
c3 Rfc8 30.Ne2 Qf6 31.Qd2 Ne6 32.Qa2 Ng5 33.Nh2 h5 34.Qd2 Rf8 35.Rf1 bxc3 
36.Nxc3 Nd4 37.Nb5 Nxb5 38.Rxb5 Ba6 39.Qxa5 Rxc4 40.dxc4 Bxb5 41.cxb5 Nxe4
42.Qc7+ Rf7 43.Qc2 d5 44.Nf3 g5 45.Qd3 Rd7 46.Nd2 Nxd2 47.Qxd2 Kg6 48.Rc1 
Rd6 49.Qc2+ e4 50.Qc6 Kf5 51.Qc8+ Qe6 52.Qf8+ Qf6 53.Qc8+ 1/2-1/2

[Event "Lilla Elite Hotels Open 2015"]
[Site "Elite Stadshotellet, Vaxjo"]
[Date "2015.02.14"]
[Round "5.5"]
[White "Bech Johansson, Amadeus"]
[Black "Sniegon, Adam"]
[Result "0-1"]
[WhiteElo "1025"]
[BlackElo "1527"]

1.d4 d5 2.c4 c6 3.Nc3 Nf6 4.Bg5 e6 5.e3 Nbd7 6.Nf3 Be7 7.cxd5 exd5 8.Bd3 
h6 9.Bh4 Ne4 10.Bxe7 Qxe7 11.Qc2 Ndf6 12.Nd2 Nxd2 13.Qxd2 Be6 14.O-O-O O-O
15.Rde1 Ne4 16.Nxe4 dxe4 17.Bxe4 Bxa2 18.Bb1 Bxb1 19.Kxb1 a5 20.Kc2 Rfc8 
21.Ra1 c5 22.dxc5 Qe4+ 23.Kc1 Rxc5+ 24.Kd1 Rd5 25.Qxd5 Qxd5+ 26.Ke2 Rc8 
27.Rhd1 Qxg2 28.Rxa5 Qg4+ 29.f3 Rc2+ 30.Rd2 Qg2+ 31.Kd3 Qxd2+ 32.Ke4 Qxa5 
33.Kf4 f6 34.b4 Qe5+ 35.Kg4 Rg2+ 36.Kh3 Qxh2# 0-1

[Event "Lilla Elite Hotels Open 2015"]
[Site "Elite Stadshotellet, Vaxjo"]
[Date "2015.02.14"]
[Round "5.6"]
[White "Forsberg, Andre"]
[Black "Laine, Jacob"]
[Result "1-0"]
[WhiteElo "1510"]
[BlackElo "1030"]

1.e4 e5 2.Nf3 Nc6 3.Bc4 Nf6 4.Ng5 d5 5.exd5 Nd4 6.d6 Qxd6 7.Bxf7+ Ke7 8.
Bb3 Qc6 9.O-O Be6 10.Nxe6 Nxb3 11.axb3 Kxe6 12.Re1 Kf7 13.Rxe5 Bd6 14.Re1 
Rhe8 15.Nc3 Rxe1+ 16.Qxe1 Re8 17.Qf1 a6 18.g3 Ng4 19.Qc4+ Qxc4 20.bxc4 Bc5
21.h3 Nf6 22.Kf1 Nd7 23.d3 h6 24.Ne4 Ba7 25.Bf4 c6 26.Nd6+ Kf8 27.Nxe8 
Kxe8 28.Re1+ Kf7 29.Bd6 Kg6 30.Re7 Nc5 31.Bxc5 Bxc5 32.Rxb7 Bd4 33.c3 Bf6 
34.Rb6 c5 35.Rxa6 Kh7 36.b4 Bxc3 37.bxc5 Be5 38.f4 Bb8 39.c6 Bc7 40.Ra7 
Bb6 41.c7 Bxc7 42.Rxc7 1-0

[Event "Lilla Elite Hotels Open 2015"]
[Site "Elite Stadshotellet, Vaxjo"]
[Date "2015.02.14"]
[Round "5.7"]
[White "Pietarinen, Alexander"]
[Black "Morell, Ludvig"]
[Result "1-0"]
[WhiteElo "1390"]
[BlackElo "1178"]

1.d4 d5 2.c4 dxc4 3.e3 Be6 4.Qc2 b5 5.a4 bxa4 6.Bxc4 Bxc4 7.Qxa4+ Qd7 8.
Qxc4 Nf6 9.Nf3 g6 10.Ne5 Qe6 11.Qxc7 Nbd7 12.Rxa7 Rd8 13.Nc6 Qxc6 14.Qxc6 
Bg7 15.O-O O-O 16.Bd2 Nb8 17.Qa4 Ne4 18.Rxe7 1-0

[Event "Lilla Elite Hotels Open 2015"]
[Site "Elite Stadshotellet, Vaxjo"]
[Date "2015.02.14"]
[Round "5.9"]
[White "Johansson, Krister"]
[Black "Johannesson, Olof"]
[Result "1-0"]
[WhiteElo "1575"]
[BlackElo "1343"]
[EventDate "2015.02.13"]

1.Nf3 Nf6 2.g3 Nc6 3.Bg2 e5 4.d3 Bc5 5.O-O d6 6.h3 Be6 7.e4 Qd7 8.Kh2 
O-O-O 9.c4 h6 10.Nc3 g5 11.Nd5 Ng8 12.a3 Kb8 13.b4 Bd4 14.Rb1 g4 15.Nxd4 
Nxd4 16.h4 c6 17.Ne3 Rf8 18.Bb2 h5 19.Nc2 Nxc2 20.Qxc2 f5 21.f4 gxf3 22.
Rxf3 Nh6 23.Rbf1 Rh7 24.c5 Ng4+ 25.Kg1 Rhf7 26.cxd6 Qxd6 27.Qc5 Qxc5+ 28.
bxc5 f4 29.gxf4 exf4 30.Bc1 Ne3 31.Bxe3 fxe3 32.Rxf7 Rxf7 33.Rxf7 e2 34.
Rf8+ Kc7 35.Kf2 Bg4 36.Bf3 Kd7 37.Bxg4+ hxg4 38.Kxe2 1-0

[Event "Lilla Elite Hotels Open 2015"]
[Site "Elite Stadshotellet, Vaxjo"]
[Date "2015.02.14"]
[Round "5.10"]
[White "Lindberg, Styrbjorn"]
[Black "Bober, Sylwia"]
[Result "0-1"]
[WhiteElo "1305"]
[BlackElo "1551"]
[EventDate "2015.02.13"]

1.e4 c5 2.Bc4 Nc6 3.Nf3 e6 4.Nc3 a6 5.O-O b5 6.Bb3 c4 7.d4 cxb3 8.axb3 Bb7
9.d5 Nb4 10.Ne2 a5 11.c4 Bc5 12.Nc3 bxc4 13.bxc4 d6 14.Be3 Ne7 15.e5 exd5 
16.Nd2 d4 17.Bh6 dxc3 18.bxc3 Nd3 19.Be3 Nxe5 20.Qa4+ Bc6 21.Qc2 Bxe3 22.
fxe3 O-O 23.Ne4 Bxe4 24.Qxe4 f5 25.Qd4 N7g6 26.Rf2 a4 27.e4 f4 28.c5 dxc5 
29.Qxc5 Rc8 30.Qb4 Rc4 31.Qb5 Rxe4 32.Rxa4 Rxa4 33.Qxa4 Qd3 34.Qb3+ Kh8 
35.Qc2 Qxc2 36.Rxc2 h6 37.g3 fxg3 38.hxg3 Rf3 39.Kg2 Rd3 40.Kf2 Nc4 41.g4 
Nge5 42.Ke2 Re3+ 43.Kd1 Nxg4 0-1

[Event "Lilla Elite Hotels Open 2015"]
[Site "Elite Stadshotellet, Vaxjo"]
[Date "2015.02.14"]
[Round "5.11"]
[White "Flykt, Gabriel"]
[Black "Fahradin, Bear"]
[Result "1-0"]
[WhiteElo "1375"]
[BlackElo "1221"]
[EventDate "2015.02.13"]

1.e4 e5 2.Nf3 Nc6 3.Bc4 Nf6 4.d3 h6 5.Be3 d5 6.exd5 Nxd5 7.Bd2 Bg4 8.h3 
Bh5 9.c3 Bg6 10.Qb3 Nb6 11.Be3 Nxc4 12.dxc4 Rb8 13.Nbd2 Qf6 14.O-O Bh5 15.
Rfe1 Bxf3 16.Nxf3 e4 17.Nd4 Qg6 18.Nxc6 Qxc6 19.Bxa7 Ra8 20.Bd4 Ra4 21.Qb5
Rxc4 22.Qxc6+ Rxc6 23.Rxe4+ Be7 24.Bxg7 Rg8 25.Bd4 Rcg6 26.g3 Kf8 27.Rae1 
Bd6 28.Re8# 1-0

[Event "Lilla Elite Hotels Open 2015"]
[Site "Elite Stadshotellet, Vaxjo"]
[Date "2015.02.14"]
[Round "5.12"]
[White "Kastrati, Anton"]
[Black "Sixt, Joar"]
[Result "0-1"]
[WhiteElo "1170"]
[BlackElo "1356"]
[EventDate "2015.02.13"]

1.e4 c5 2.Nf3 d6 3.Bb5+ Bd7 4.Bxd7+ Qxd7 5.e5 Nc6 6.exd6 exd6 7.O-O Nf6 8.
Nc3 Be7 9.Ng5 O-O 10.d3 d5 11.Ne2 Bd6 12.Bf4 Bxf4 13.Nxf4 Qf5 14.Nfh3 Rad8
15.Qe2 Nd4 16.Qe7 Rc8 17.Qxb7 h6 18.c3 Ne2+ 19.Kh1 hxg5 20.d4 c4 21.Qxa7 
Nf4 22.Nxf4 gxf4 23.f3 Ra8 24.Qe7 Rfe8 25.Qb7 Rab8 26.Qc6 Rxb2 27.Kg1 Qc2 
28.Rf2 Qxf2+ 29.Kh1 Qxg2# 0-1

[Event "Lilla Elite Hotels Open 2015"]
[Site "Elite Stadshotellet, Vaxjo"]
[Date "2015.02.14"]
[Round "5.13"]
[White "Sorensen, Alva"]
[Black "Lindborg, Lukas"]
[Result "1-0"]
[WhiteElo "1348"]
[BlackElo "1207"]
[EventDate "2015.02.13"]

1.e4 c5 2.Nf3 d6 3.d4 cxd4 4.Nxd4 Nf6 5.Nc3 g6 6.f3 Bg7 7.Be3 O-O 8.Bc4 
Bd7 9.Qd2 Nc6 10.h4 e5 11.Nb3 a6 12.g4 b5 13.Be2 b4 14.Nd5 a5 15.h5 Be6 
16.hxg6 fxg6 17.Bc4 a4 18.g5 axb3 19.Nxf6+ Bxf6 20.Bxe6+ Kh8 21.gxf6 Rxf6 
22.Rxh7+ Kxh7 23.Qh2+ 1-0

[Event "Lilla Elite Hotels Open 2015"]
[Site "Elite Stadshotellet, Vaxjo"]
[Date "2015.02.14"]
[Round "5.14"]
[White "Karlsson, Roger 1951"]
[Black "Sandberg, Simon"]
[Result "1-0"]
[WhiteElo "1336"]
[BlackElo "1150"]
[EventDate "2015.02.13"]

1.e4 e5 2.Nf3 Nc6 3.d4 exd4 4.Nxd4 Bc5 5.Be3 Qf6 6.Nxc6 Bxe3 7.Qe2 Qxb2 8.
fxe3 Qxa1 9.Qd1 bxc6 10.Bc4 Qf6 11.g3 Qg5 12.Qf3 f6 13.Rf1 Qa5+ 14.Nd2 Rb8
15.Bb3 Ba6 16.Rf2 Qc3 17.h4 d5 18.exd5 cxd5 19.e4 dxe4 20.Qxe4+ Ne7 21.Rf3
Qa1+ 22.Kf2 Bb7 23.Ba4+ Kf7 24.Bb3+ Kf8 25.Qe6 Qd4+ 26.Re3 Qxd2+ 27.Re2 
Qd4+ 28.Re3 Qxe3+ 29.Kxe3 Ke8 30.Qf7+ Kd7 31.Be6+ Kd6 32.Bc4 Bd5 33.Bxd5 
Nxd5+ 34.Kd2 Rhg8 35.Qh5 h6 36.Qe2 Rge8 37.Qa6+ Ke5 38.Qxa7 Rbc8 39.Qa5 
Red8 40.Qc5 Ke6 41.Kc1 Ra8 42.Qc4 Ke5 43.a4 Ne3 44.Qf4+ Kd5 45.Qxe3 Rxa4 
46.Qd3+ Ke6 47.Qb5 Raa8 48.Qc4+ Kd7 49.Qd5+ Ke7 50.Qc5+ Ke8 51.Qc6+ Kf8 
52.Qxc7 Rac8 53.Qb6 Rd3 54.Qb2 Rxg3 55.Qb4+ Kf7 56.Qb7+ 1-0

[Event "Lilla Elite Hotels Open 2015"]
[Site "Elite Stadshotellet, Vaxjo"]
[Date "2015.02.14"]
[Round "5.15"]
[White "Krohn, Johan"]
[Black "Morell, Adam"]
[Result "1/2-1/2"]
[WhiteElo "1118"]
[BlackElo "1300"]
[EventDate "2015.02.13"]

1.c4 e5 2.Nc3 Nf6 3.g3 d5 4.b3 Be6 5.d3 Bb4 6.Bd2 d4 7.Nd5 Bxd2+ 8.Qxd2 
Nxd5 9.cxd5 Bxd5 10.Nf3 Qf6 11.Bg2 h6 12.Qb4 Na6 13.Qb5+ Bc6 14.Qc4 O-O 
15.O-O b5 16.Qc1 Bd5 17.b4 c6 18.a3 Nc7 19.Qd1 a5 20.Qd2 a4 21.Rfc1 Rfe8 
22.Re1 Re7 23.e4 dxe3 24.Rxe3 Rd8 25.Ree1 Rde8 26.d4 e4 27.Ne5 Qg5 28.Qc3 
Re6 29.Bxe4 Bxe4 30.Rxe4 Nd5 31.Qc1 Qxc1+ 32.Rxc1 f6 33.f4 fxe5 34.Rxe5 
Rxe5 35.fxe5 Re6 36.Kg2 g5 37.Kf3 Kg7 38.g4 Kg6 39.Rg1 Nf4 40.Ke4 Re8 41.
Rc1 Re6 42.h4 h5 43.hxg5 Kxg5 44.gxh5 Nxh5 45.Rg1+ Kh6 46.Rh1 Rg6 47.d5 
cxd5+ 48.Kxd5 Rg5 49.Kd6 Rg8 50.e6 Kg6 51.e7 Nf6 52.Rg1+ Kf7 53.Re1 Re8 
54.Kc6 Rb8 55.Re5 Ne8 56.Rxb5 Rxb5 57.Kxb5 Kxe7 58.Kc6 Kd8 59.Kb7 Nc7 
1/2-1/2

[Event "Lilla Elite Hotels Open 2015"]
[Site "Elite Stadshotellet, Vaxjo"]
[Date "2015.02.14"]
[Round "5.16"]
[White "Ravik, Cecilia"]
[Black "Jorgensen, Stein"]
[Result "0-1"]
[WhiteElo "1058"]
[BlackElo "1452"]
[EventDate "2015.02.13"]

1.e4 c5 2.Nf3 e6 3.Nc3 a6 4.Be2 Qc7 5.O-O d6 6.d3 Nf6 7.Be3 Be7 8.Rc1 O-O 
9.d4 cxd4 10.Bxd4 Nc6 11.Bxf6 Bxf6 12.Qd2 b5 13.a3 Bb7 14.Rfd1 Rad8 15.Bd3
Ne5 16.Nxe5 Bxe5 17.Ne2 d5 18.exd5 Bxd5 19.c3 Bxh2+ 20.Kf1 Be5 21.Qc2 g6 
22.Rd2 Bf6 23.Rcd1 Qh2 24.Be4 Qh1+ 25.Ng1 Bc4+ 26.Bd3 Rxd3 27.Rxd3 Rd8 28.
b3 Bxd3+ 29.Rxd3 Rxd3 30.Qxd3 Qh6 31.Ke2 Qc1 32.Nf3 Bxc3 33.a4 Qb2+ 34.Nd2
bxa4 35.bxa4 a5 36.Ke3 Qb6+ 37.Ke2 Qb2 38.Kd1 Qa1+ 39.Nb1 Qxa4+ 40.Ke2 
Qa2+ 41.Ke3 Bf6 42.Nd2 Qd5 43.Ne4 Qxd3+ 44.Kxd3 Be7 45.Nc3 Kg7 46.Kc2 Kf6 
47.f3 Kf5 48.Kd2 Bb4 49.Kd3 Kf4 50.Ne2+ Ke5 51.Nd4 Kd5 52.g4 h6 53.f4 f5 
54.gxf5 exf5 55.Nf3 Ke6 56.Kc4 Kf6 57.Kb5 g5 58.fxg5+ hxg5 59.Kc4 g4 60.
Nh4 Kg5 61.Ng2 f4 62.Kd4 f3 63.Ne3 0-1

[Event "Lilla Elite Hotels Open 2015"]
[Site "Elite Stadshotellet, Vaxjo"]
[Date "2015.02.14"]
[Round "5.17"]
[White "Fredriksson, Erling"]
[Black "Johansson, Robert"]
[Result "1-0"]
[WhiteElo "1142"]
[BlackElo "1457"]
[EventDate "2015.02.13"]

1.e4 c6 2.Nf3 d5 3.exd5 cxd5 4.Bb5+ Nc6 5.Bxc6+ bxc6 6.d4 Bf5 7.Nc3 e6 8.
Ne5 Qc7 9.Bf4 Nf6 10.Qf3 Nd7 11.g4 Bd6 12.gxf5 Nxe5 13.dxe5 Bxe5 14.Bg3 
O-O 15.O-O-O Rab8 16.Rhe1 Bxg3 17.fxg3 Qd6 18.Ne4 Qb4 19.b3 dxe4 20.Rxe4 
Qe7 21.Rg4 Rbc8 22.f6 Qc5 23.Rxg7+ Kh8 24.Qd3 Qh5 25.h4 Rg8 26.Rf1 Qh6+ 
27.Kb1 Rxg7 28.fxg7+ Qxg7 29.Qd7 Rf8 30.Qxc6 Qxg3 31.h5 h6 32.Qd7 Qg7 33.
Qxa7 f5 34.Qxg7+ Kxg7 35.Rg1+ Kf7 36.Rg6 Rh8 37.a4 f4 38.Rg4 e5 39.a5 Ra8 
40.b4 Ra6 41.Rg6 Ra8 42.a6 f3 43.Rg1 Rxa6 44.Rf1 e4 45.c4 Rf6 46.Kc2 Re6 
47.c5 e3 48.Rxf3+ Ke7 49.Rf1 Ra6 50.Re1 Ra3 51.b5 Kd7 52.Rd1+ Kc7 53.Re1 
Kb7 54.Rb1 Ra8 55.Kd3 Re8 56.Ke2 Re5 57.c6+ Kb6 58.Rc1 Re7 59.Rc3 Rc7 60.
Kxe3 Kxb5 61.Kf4 Rf7+ 62.Ke5 Kb6 63.c7 1-0

[Event "Lilla Elite Hotels Open 2015"]
[Site "Elite Stadshotellet, Vaxjo"]
[Date "2015.02.14"]
[Round "5.18"]
[White "Rasheed, Salahuddin"]
[Black "Sahak, Sanjar"]
[Result "0-1"]
[WhiteElo "1100"]
[BlackElo "1710"]
[EventDate "2015.02.13"]

1.e4 c5 2.Nf3 Nc6 3.Bc4 e6 4.O-O Nf6 5.d3 h6 6.Nc3 d5 7.exd5 exd5 8.Re1+ 
Be6 9.Bb5 Qc7 10.Be3 d4 11.Bxd4 cxd4 12.Na4 a6 13.Bxc6+ Qxc6 14.b3 b5 15.
Ne5 Qc7 16.Nb2 Bb4 17.Rf1 Qxe5 18.Qf3 O-O 19.c4 Ng4 20.g3 f5 21.h3 Nf6 22.
cxb5 Bd5 23.Qd1 axb5 24.a3 Bc3 25.Qc1 Qe2 26.Qf4 Qxb2 27.b4 Qe2 28.Rad1 
Nh5 29.Qd6 Qf3 30.Qxd5+ Qxd5 31.g4 fxg4 32.hxg4 Nf4 33.f3 Rf6 34.Kf2 Nxd3+
35.Rxd3 Raf8 36.Kg1 Rxf3 37.Rdxf3 Rxf3 38.Rxf3 Qxf3 39.Kh2 d3 40.a4 d2 41.
g5 d1=Q 42.gxh6 Qd2+ 43.Kg1 Qdg2# 0-1

[Event "Lilla Elite Hotels Open 2015"]
[Site "Elite Stadshotellet, Vaxjo"]
[Date "2015.02.14"]
[Round "5.19"]
[White "Ravik, Zakarias"]
[Black "Jernberg, Christopher"]
[Result "0-1"]
[WhiteElo "1099"]
[BlackElo "1196"]
[EventDate "2015.02.13"]

1.Nc3 e5 2.g3 Nf6 3.Bg2 d5 4.e3 Bg4 5.Nf3 Bxf3 6.Qxf3 e4 7.Qd1 c6 8.d4 Na6
9.Bd2 Nc7 10.O-O Ne6 11.a3 Qd7 12.Qe2 Bd6 13.Bh3 Qe7 14.f4 g6 15.f5 Ng5 
16.Bg4 Nxg4 17.Qxg4 Nf3+ 18.Rxf3 exf3 19.Qxf3 Qf6 20.g4 h5 21.e4 hxg4 22.
Qxg4 Qxd4+ 23.Kh1 Rxh2# 0-1

[Event "Lilla Elite Hotels Open 2015"]
[Site "Elite Stadshotellet, Vaxjo"]
[Date "2015.02.14"]
[Round "5.20"]
[White "Kullberg, Jesper"]
[Black "Koniarski, Kaj"]
[Result "1/2-1/2"]
[WhiteElo "1127"]
[BlackElo "1066"]
[EventDate "2015.02.13"]

1.e4 e5 2.Nf3 Nc6 3.Bc4 Bc5 4.c3 Nf6 5.d3 d5 6.exd5 Nxd5 7.Qe2 O-O 8.O-O 
Re8 9.h3 Nf4 10.Bxf4 exf4 11.Qd2 Qf6 12.Na3 a6 13.d4 Bxa3 14.bxa3 b5 15.
Bd5 Bb7 16.Ne5 Re7 17.Rac1 g5 1/2-1/2

[Event "Lilla Elite Hotels Open 2015"]
[Site "Elite Stadshotellet, Vaxjo"]
[Date "2015.02.14"]
[Round "5.21"]
[White "Torngren, Alexander"]
[Black "Andersson, Fabian"]
[Result "1/2-1/2"]
[WhiteElo "1093"]
[BlackElo "1100"]
[EventDate "2015.02.13"]

1.e4 e5 2.Nf3 Nc6 3.Bb5 a6 4.Bc4 f6 5.O-O Bc5 6.Qe2 b5 7.Bd5 Nb4 8.Bxa8 
Nxc2 9.b3 Nxa1 10.Qd3 d6 11.Bd5 Ne7 12.Bb2 Nxb3 13.axb3 Nxd5 14.Qxd5 Qe7 
15.Bc3 Qe6 16.Qa8 O-O 17.Qd5 Qxd5 18.exd5 Bb7 19.b4 Bd4 20.Nxd4 exd4 21.
Bxd4 Bxd5 22.Nc3 c6 23.Re1 1/2-1/2

[Event "Lilla Elite Hotels Open 2015"]
[Site "Elite Stadshotellet, Vaxjo"]
[Date "2015.02.14"]
[Round "5.22"]
[White "Pfeiffer, Samuel"]
[Black "Lundberg, Oscar"]
[Result "1-0"]
[WhiteElo "1100"]
[BlackElo "1042"]
[EventDate "2015.02.13"]

1.e4 e5 2.Nf3 Nc6 3.Bb5 a6 4.Bc4 Be7 5.Nc3 h6 6.d3 Bb4 7.a3 Bc5 8.b4 Bd4 
9.Nxd4 Nxd4 10.Bb2 b5 11.Bd5 Bb7 12.Bxb7 Rb8 13.Bxa6 c6 14.a4 Rb6 15.axb5 
cxb5 16.Nd5 Rd6 17.Bb7 Ne7 18.Ra8 Nc8 19.Rxc8 O-O 20.Rxd8 Rxd8 21.Ne7+ Kf8
22.Bxd4 Rxd4 23.Bc6 Re8 24.Nf5 Rxb4 25.Bxd7 Ra8 26.O-O Ra2 27.c3 Rbb2 28.
d4 Rd2 29.Qg4 g5 30.Nxh6 f6 31.dxe5 Ke7 32.Ng8+ Kd8 33.e6 Kc7 34.Rd1 Rdc2 
35.e7 Rxc3 36.e8=Q 1-0

[Event "Lilla Elite Hotels Open 2015"]
[Site "Elite Stadshotellet, Vaxjo"]
[Date "2015.02.14"]
[Round "5.23"]
[White "Runfors, Leon"]
[Black "Vu, Alexander"]
[Result "1-0"]
[WhiteElo "1073"]
[BlackElo "970"]
[EventDate "2015.02.13"]

1.e4 e5 2.d4 Nc6 3.Nf3 Qf6 4.Be3 h6 5.Bb5 d6 6.Bxc6+ bxc6 7.O-O Qg6 8.Nh4 
Qxe4 9.g3 Bh3 10.Qd3 Qxd3 11.cxd3 Bxf1 12.Kxf1 exd4 13.Bxd4 Be7 14.Nf5 Bf6
15.Nc3 Bxd4 16.Nxd4 c5 17.Ndb5 Rc8 18.Nd5 Kd7 19.Nxa7 Rb8 20.a3 Rxb2 21.
Re1 Nf6 22.Re7+ Kd8 23.Nc6+ Kc8 24.Nxf6 gxf6 25.Rxf7 Rb1+ 26.Kg2 Rb3 27.
Ne7+ Kb7 28.Ng6 Rg8 29.Rxf6 Rxd3 30.f4 Rd2+ 31.Kh3 Rg7 32.f5 Rd4 33.Nh4 h5
34.Rf8 Rd3 35.f6 Rg4 36.f7 Rg7 37.a4 Re3 38.Nf5 h4 39.Nxg7 hxg3 40.hxg3 
Re1 41.Re8 Rh1+ 42.Kg2 Rd1 43.f8=Q Rd2+ 44.Kf3 Rd3+ 45.Re3 c4 46.Rxd3 cxd3
47.Qf4 d2 48.Qb4+ Kc8 49.Qxd2 Kd7 50.a5 Kc6 51.a6 Kb6 52.Qa2 Ka7 53.g4 c6 
54.g5 d5 55.Nf5 Ka8 56.g6 d4 57.g7 d3 58.g8=Q+ Ka7 59.Qac4 d2 60.Ne3 d1=R 
61.Nxd1 c5 62.Qgf7+ Ka8 63.Qce6 c4 64.Qee8# 1-0

[Event "Lilla Elite Hotels Open 2015"]
[Site "Elite Stadshotellet, Vaxjo"]
[Date "2015.02.14"]
[Round "5.24"]
[White "Torngren, Madelene"]
[Black "Olsson, Mattias"]
[Result "1-0"]
[WhiteElo "1057"]
[BlackElo "1000"]
[EventDate "2015.02.13"]

1.e4 e6 2.Nf3 f5 3.Nc3 Nf6 4.d3 Be7 5.Bg5 d5 6.e5 c5 7.exf6 gxf6 8.Be3 Rg8
9.Nh4 c4 10.dxc4 Bb4 11.Qh5+ Ke7 12.Qxh7+ Kd6 13.Bf4+ e5 14.Bd2 Qd7 15.
Qxg8 d4 16.Qf8+ Qe7 17.Qxc8 Nc6 18.Nxf5+ Kc5 19.Nxe7 Rxc8 20.Nxc8 dxc3 21.
bxc3 Ba3 22.Be3+ Nd4 23.Rd1 a6 24.Be2 Kc6 25.cxd4 Bb4+ 26.Bd2 exd4 27.Bxb4
Kc7 28.Nd6 b5 29.cxb5 a5 30.Bc5 Kd7 31.b6 Ke6 32.Bf3 f5 33.O-O Ke5 34.
Rfe1+ Kf4 35.b7 a4 36.b8=Q d3 37.Qc8 dxc2 38.Qxf5# 1-0

[Event "Lilla Elite Hotels Open 2015"]
[Site "Elite Stadshotellet, Vaxjo"]
[Date "2015.02.14"]
[Round "6.1"]
[White "Bjorkman, Filip"]
[Black "Polovnikova, Margo"]
[Result "1/2-1/2"]
[WhiteElo "1225"]
[BlackElo "1504"]

1.b3 d5 2.Bb2 Nf6 3.e3 Nc6 4.Bb5 a6 5.Be2 e5 6.Nf3 Bd6 7.d3 O-O 8.O-O Be6 
9.Nbd2 Nd7 10.Rc1 f5 11.Ne1 Qh4 12.f4 Bc5 13.d4 exd4 14.Ndf3 Qe7 15.Nxd4 
Nxd4 16.Bxd4 Bxd4 17.Qxd4 c5 18.Qd2 Nf6 19.Bf3 Ne4 20.Bxe4 fxe4 21.c3 Rad8
22.Nc2 1/2-1/2

[Event "Lilla Elite Hotels Open 2015"]
[Site "Elite Stadshotellet, Vaxjo"]
[Date "2015.02.14"]
[Round "6.3"]
[White "Sniegon, Adam"]
[Black "Pietarinen, Alexander"]
[Result "1-0"]
[WhiteElo "1527"]
[BlackElo "1390"]

1.d4 Nf6 2.c4 e6 3.Bg5 Bb4+ 4.Nc3 d5 5.a3 Bxc3+ 6.bxc3 Nbd7 7.e3 O-O 8.
cxd5 exd5 9.Nf3 Re8 10.Bd3 c6 11.O-O h6 12.Bh4 Nf8 13.h3 N8d7 14.Qc2 a5 
15.Rfe1 Qc7 16.Bf5 Ne4 17.Bxe4 dxe4 18.Nd2 f5 19.Nc4 Nb6 20.Bg3 Qd8 21.Ne5
Be6 22.Rab1 Rb8 23.Rb2 Ra8 24.Reb1 Nc4 25.Nxc4 Bxc4 26.Rxb7 Bd3 27.Qb3+ 
Qd5 28.Qxd5+ cxd5 29.R1b2 Rec8 30.Be5 Ba6 31.Rxg7+ Kf8 32.Rb6 Re8 33.Rh7 
Kg8 34.Rbxh6 Kf8 35.Rf6+ Kg8 36.Rff7 Re6 37.Rfg7+ Kf8 38.Rh8# 1-0

[Event "Lilla Elite Hotels Open 2015"]
[Site "Elite Stadshotellet, Vaxjo"]
[Date "2015.02.14"]
[Round "6.4"]
[White "Sjodin, Filip"]
[Black "Forsberg, Andre"]
[Result "1-0"]
[WhiteElo "1615"]
[BlackElo "1510"]

1.e4 e5 2.Bc4 Nf6 3.d4 Nxe4 4.dxe5 Qe7 5.Nf3 Qb4+ 6.Nbd2 Nxd2 7.Nxd2 Qc5 
8.O-O Be7 9.Qe2 O-O 10.Nb3 Qc6 11.Kh1 d5 12.Bd3 Qe6 13.Nd4 Qb6 14.c3 Re8 
15.Be3 c5 16.Nf5 Nc6 17.f4 d4 18.Bf2 c4 19.Nxe7+ Rxe7 20.Bxc4 Be6 21.Bd3 
Rd7 22.f5 Nxe5 23.Qxe5 Rd5 24.Qf4 Bd7 25.Bxd4 Qxb2 26.f6 Bc6 27.Be4 Rxd4 
28.cxd4 Kf8 29.fxg7+ Kxg7 30.Qxf7+ Kh6 31.Qxh7+ Kg5 32.Qg6+ Kh4 33.Rf4# 
1-0

[Event "Lilla Elite Hotels Open 2015"]
[Site "Elite Stadshotellet, Vaxjo"]
[Date "2015.02.14"]
[Round "6.5"]
[White "Lotinac, Seid"]
[Black "Johansson, Krister"]
[Result "1/2-1/2"]
[WhiteElo "1471"]
[BlackElo "1575"]

1.e4 d5 2.exd5 Qxd5 3.Nc3 Qd6 4.Nf3 Nf6 5.d3 Bg4 6.g3 g6 7.Bg2 Bg7 8.Bf4 
Qd7 9.O-O O-O 10.Qd2 Bxf3 11.Bxf3 c6 12.Rfe1 Re8 13.Rab1 Na6 14.Ne4 Nxe4 
15.Rxe4 Nc7 16.b3 Nd5 17.Be5 f6 18.Bb2 f5 19.Re2 Bxb2 20.Rxb2 Rad8 21.Rb1 
Qd6 22.Rbe1 e5 23.c4 Nf6 24.Qg5 Kg7 25.Bg2 Re6 26.h3 Rde8 27.Qe3 a6 28.Rd2
Nd7 29.Red1 Qd4 30.Qf3 Nf6 31.Qe2 h6 32.Kh1 g5 1/2-1/2

[Event "Lilla Elite Hotels Open 2015"]
[Site "Elite Stadshotellet, Vaxjo"]
[Date "2015.02.14"]
[Round "6.6"]
[White "Sandgren, Per-Olov"]
[Black "Wetterling, Ywonne"]
[Result "1/2-1/2"]
[WhiteElo "1555"]
[BlackElo "1368"]

1.e4 e5 2.Nc3 Nf6 3.d4 exd4 4.Qxd4 Nc6 5.Qa4 d6 6.Nf3 Be7 7.Nd5 O-O 8.c3 
Nxd5 9.exd5 Ne5 10.Nxe5 dxe5 11.Qe4 Bf6 12.Bd3 g6 13.O-O Bf5 14.Qf3 Bxd3 
15.Qxd3 Bg7 16.Be3 Re8 17.f3 Qd6 18.Rad1 b6 19.b3 Rad8 20.c4 c5 21.a4 f5 
22.Bg5 1/2-1/2

[Event "Lilla Elite Hotels Open 2015"]
[Site "Elite Stadshotellet, Vaxjo"]
[Date "2015.02.14"]
[Round "6.9"]
[White "Akke, Mattias"]
[Black "Bech Johansson, Amadeus"]
[Result "1-0"]
[WhiteElo "1399"]
[BlackElo "1025"]
[EventDate "2015.02.13"]

1.d4 d5 2.c4 e6 3.Nf3 Nf6 4.e3 Nc6 5.Bd3 dxc4 6.Bxc4 Be7 7.Nc3 O-O 8.O-O 
Re8 9.Re1 h6 10.a3 b6 11.b4 Bb7 12.Bb2 Qd7 13.Qd3 Bd6 14.Rad1 Ne7 15.e4 
Bf4 16.g3 Bg5 17.h4 Bxh4 18.Nxh4 g5 19.Ng2 Ng6 20.d5 e5 21.f3 a6 22.Kf2 
Nh5 23.Rh1 Ng7 24.Rxh6 g4 25.Rdh1 Kf8 26.Ne2 Ke7 27.Rh7 Rh8 28.Rxh8 Rxh8 
29.Rxh8 Nxh8 30.Bxe5 f6 31.Bc3 b5 32.Bb3 Ng6 33.fxg4 c6 34.d6+ Qxd6 35.
Qxd6+ Kxd6 36.Bxf6 Ne6 37.Ngf4 Nexf4 38.Nxf4 Nxf4 39.gxf4 c5 40.Be5+ Ke7 
41.bxc5 Bxe4 42.a4 bxa4 43.Bxa4 Bb7 44.c6 Bc8 45.Kf3 Kf7 46.Bc2 a5 47.Bf5 
Ba6 48.c7 a4 49.c8=Q Bxc8 50.Bxc8 a3 51.f5 Kf8 52.g5 Kf7 53.Be6+ Kf8 54.g6
Ke7 55.g7 a2 56.g8=Q a1=Q 57.f6# 1-0

[Event "Lilla Elite Hotels Open 2015"]
[Site "Elite Stadshotellet, Vaxjo"]
[Date "2015.02.14"]
[Round "6.10"]
[White "Sixt, Joar"]
[Black "Flykt, Gabriel"]
[Result "1-0"]
[WhiteElo "1356"]
[BlackElo "1375"]
[EventDate "2015.02.13"]

1.d4 d5 2.c4 Nf6 3.Nc3 e6 4.Bg5 Be7 5.Nf3 h6 6.Bh4 b6 7.cxd5 Nxd5 8.Nxd5 
exd5 9.Bxe7 Qxe7 10.e3 O-O 11.Bd3 Be6 12.O-O Nd7 13.Re1 c6 14.Rc1 Qd6 15.
Qc2 Rac8 16.Bf5 Nf6 17.Bxe6 fxe6 18.h3 Nd7 19.Qe2 e5 20.Nh4 e4 21.Qg4 Rf7 
22.Rf1 Qf6 23.f3 Qg5 24.Qxg5 hxg5 25.Ng6 Kh7 26.Ne5 Nxe5 27.dxe5 exf3 28.
gxf3 Re7 29.f4 gxf4 30.exf4 Kg6 31.Kf2 Kf5 32.Ke3 c5 33.Rg1 d4+ 34.Kf3 Rg8
35.Rg5+ Ke6 36.Ke4 g6 37.Rcg1 Kf7 38.f5 gxf5+ 39.Rxf5+ Ke6 40.Rxg8 Kd7 41.
Rgf8 1-0